| Tag |
First Indicator |
Second Indicator |
Subfields |
| LEADER |
00000cam a2200000 i 4500 |
| 001 |
in00003862721 |
| 005 |
20211120182454.0 |
| 006 |
m o d f |
| 007 |
cr mn||||||||| |
| 008 |
140929s1970 dcuabf ob f001 0 eng c |
| 035 |
|
|
|a (OCoLC)ocn891581353
|
| 040 |
|
|
|a COP
|b eng
|e rda
|e pn
|c COP
|d OCLCO
|d OCLCF
|d TRAAL
|d GPO
|d MvI
|d UtOrBLW
|
| 042 |
|
|
|a pcc
|
| 043 |
|
|
|a n-us-ok
|a n-us-ks
|
| 049 |
|
|
|a WWW
|
| 074 |
|
|
|a 0624 (online)
|
| 086 |
0 |
|
|a I 19.16:588
|
| 100 |
1 |
|
|a McKnight, Edwin Thor,
|d 1902-1992,
|e author.
|0 http://id.loc.gov/authorities/names/nr96025502
|
| 245 |
1 |
0 |
|a Geology and ore deposits of the Picher Field, Oklahoma and Kansas /
|c by Edwin T. McKnight and Richard P. Fischer.
|
| 264 |
|
1 |
|a Washington :
|b United States Department of the Interior, Geological Survey,
|c 1970.
|
| 300 |
|
|
|a 1 online resource (v, 165 pages) :
|b illustrations, maps +
|e 11 plates.
|
| 336 |
|
|
|a text
|b txt
|2 rdacontent
|
| 337 |
|
|
|a computer
|b c
|2 rdamedia
|
| 338 |
|
|
|a online resource
|b cr
|2 rdacarrier
|
| 490 |
1 |
|
|a Geological Survey professional paper ;
|v 588
|
| 500 |
|
|
|a Title from title screen (viewed September 24, 2014).
|
| 500 |
|
|
|a "A discussion of one of the world's great mining fields--its geology, mining history, and potential."
|
| 504 |
|
|
|a Includes bibliographical references (pages 158-162) and index.
|
| 650 |
|
0 |
|a Geology
|z Kansas
|z Cherokee County.
|
| 650 |
|
0 |
|a Geology
|z Oklahoma
|z Ottawa County.
|
| 650 |
|
0 |
|a Lead ores
|z Kansas
|z Cherokee County.
|
| 650 |
|
0 |
|a Lead ores
|z Oklahoma
|z Ottawa County.
|
| 650 |
|
0 |
|a Zinc ores
|z Kansas
|z Cherokee County.
|
| 650 |
|
0 |
|a Zinc ores
|z Oklahoma
|z Ottawa County.
|
| 650 |
|
7 |
|a Geology.
|2 fast
|0 (OCoLC)fst00940627
|
| 650 |
|
7 |
|a Lead ores.
|2 fast
|0 (OCoLC)fst00994659
|
| 650 |
|
7 |
|a Zinc ores.
|2 fast
|0 (OCoLC)fst01184436
|
| 651 |
|
7 |
|a Kansas
|z Cherokee County.
|2 fast
|0 (OCoLC)fst01218242
|
| 651 |
|
7 |
|a Oklahoma
|z Ottawa County.
|2 fast
|0 (OCoLC)fst01223116
|
| 700 |
1 |
|
|a Fischer, R. P.
|q (Richard Philip),
|d 1910-1991
|e author.
|0 http://id.loc.gov/authorities/names/n50005284
|
| 710 |
2 |
|
|a Geological Survey (U.S.),
|e issuing body.
|0 http://id.loc.gov/authorities/names/n80092173
|
| 776 |
0 |
8 |
|i Print version:
|a McKnight, Edwin Thor, 1902-1992.
|t Geology and ore deposits of the Picher Field, Oklahoma and Kansas
|w (DLC) 73603256
|w (OCoLC)81861
|
| 830 |
|
0 |
|a Geological Survey professional paper ;
|v 588.
|0 http://id.loc.gov/authorities/names/n42012105
|
| 856 |
4 |
0 |
|u https://purl.fdlp.gov/GPO/gpo82870
|t 0
|
| 999 |
f |
f |
|s 92d6743e-9240-3710-a621-a9d740fb9fd8
|i 17700e63-ecd1-3cf2-b0be-f5df528eb531
|t 0
|
| 952 |
f |
f |
|a Texas A&M University
|b College Station
|c Electronic Resources
|d Available Online
|t 0
|e I 19.16:588
|h Superintendent of Documents classification
|
| 998 |
f |
f |
|a I 19.16:588
|t 0
|l Available Online
|